000 00584nam a2200241Ia 4500
008 210210b1959 xxu||||| |||| 00| 0 eng d
041 _aeng
082 _a383/75
100 _aGERSTENBERG (Charles W)
245 _aFinancial organization and management of business Rev Ed 4
250 _a
260 _aBombay
_bAsia Publishing House
_c1959
300 _axvi,624
650 _aRev
650 _aorganization
650 _amanagement
650 _aFinancial
650 _aEd
650 _abusiness
650 _a4
690 _aFinancial Management
906 _a005271
999 _c125188
_d125188